| 000 | 00392 a2200157 4500 | ||
|---|---|---|---|
| 001 | 75900 | ||
| 020 | _a9788547234522 | ||
| 040 | _cAnchieta - Colégio São Paulo | ||
| 100 | _aBranco, Maria da Graça | ||
| 240 | 1 | 0 |
_aLigamundo: língua portuguesa, 1º ano _lpor |
| 245 | 1 | 0 | _aLigamundo: língua portuguesa, 1º ano |
| 300 | _a240 | ||
| 362 | 0 | _a2018 | |
| 650 | 4 | _aPortuguês | |
| 942 | _cBK | ||
| 999 |
_c75900 _d75900 |
||